| 000 | 00486cam a2200205ua 4500 | ||
|---|---|---|---|
| 001 | 3601 | ||
| 008 | 131204n2006 II |||gr||||Z||||||eng | ||
| 040 | _aMAIN | ||
| 041 | _aEnglish | ||
| 082 | _a338.5 AND | ||
| 100 | _aANDREU, MAS. | ||
| 245 | _aMICROECONOMIC THEORY | ||
| 260 |
_aNEW DELHI _bOXFORD UNIVERSITY PRESS _c2006 |
||
| 300 |
_a981: _c23CM. |
||
| 653 | _aMicro Economics | ||
| 700 | _aCORLL, MICHAL. | ||
| 700 | _aWHINSTON,WD. | ||
| 700 | _aJERRY, R.GREEN. | ||
| 942 | _cBK | ||
| 999 |
_c3589 _d3589 |
||